First 100 Prime Numbers Sudden Death - Statistics

General Stats
  • This quiz has been taken 22 times
  • The average score is 8 of 100
Answers on the Grid
Answers color-coded by a green-red scale on the quiz's grid according to % correct below.
1
10
100
101
102
103
104
105
106
107
108
109
110
111
112
113
114
115
12
127
13
131
137
139
14
149
15
151
157
16
163
167
17
173
179
18
181
19
191
193
197
199
20
21
211
22
223
227
229
23
233
239
24
241
25
251
257
26
263
269
27
271
275
277
279
28
280
281
283
29
293
3
30
300
302
307
31
311
313
317
32
33
331
337
34
347
349
35
353
359
36
367
37
373
379
38
383
389
39
397
4
40
401
409
41
417
419
42
421
423
43
431
433
439
44
443
449
45
457
46
461
463
465
467
468
469
47
479
48
487
49
491
499
5
50
503
509
51
52
521
523
53
54
541
542
543
55
551
555
559
56
567
57
58
59
6
60
61
62
63
64
65
66
67
68
69
7
70
71
72
73
74
75
76
77
78
79
8
80
81
82
83
84
85
86
87
88
89
9
90
91
92
93
94
95
96
97
98
99
 
Answer Stats
Answer % Correct
69%
101
44%
103
44%
3
44%
13
38%
17
38%
107
31%
19
31%
23
31%
29
31%
89
31%
109
25%
113
25%
5
25%
7
25%
97
25%
31
19%
37
19%
67
19%
41
13%
43
13%
47
13%
57
13%
59
13%
61
13%
79
13%
151
6%
307
6%
311
6%
313
6%
331
6%
53
6%
71
6%
73
6%
127
0%
131
0%
137
0%
139
0%
149
0%
157
0%
163
0%
167
0%
173
0%
179
0%
181
0%
191
0%
193
0%
197
0%
199
0%
211
0%
223
0%
227
0%
229
0%
233
0%
239
0%
241
0%
251
0%
257
0%
263
0%
269
0%
271
0%
277
0%
281
0%
283
0%
293
0%
317
0%
337
0%
347
0%
349
0%
353
0%
359
0%
367
0%
373
0%
379
0%
383
0%
389
0%
397
0%
401
0%
409
0%
419
0%
421
0%
431
0%
433
0%
439
0%
443
0%
449
0%
457
0%
461
0%
463
0%
467
0%
479
0%
487
0%
491
0%
499
0%
503
0%
509
0%
521
0%
523
0%
541
0%
83
0%
No matching quizzes found
Score Distribution
Percent of People with Each Score
Percentile by Number Answered
Your Score History
You have not taken this quiz